Conflict over resources and terrorism two facets of insecurity

Na minha lista:
Detalhes bibliográficos
Formato: Livro
Idioma:inglês
Publicado em: Paris OECD 2013
Colecção:West african studies
Assuntos:
Tags: Adicionar Tag
Sem tags, seja o primeiro a adicionar uma tag!

MARC

LEADER 00000nam a2200000 4500
001 0181627
005 20240315120453.8
020 |a 978-92-64-19027-6 
022 |a 2074-3548 
041 0 |a eng 
044 |a FR 
245 1 0 |a Conflict over resources and terrorism  |b two facets of insecurity 
264 1 |a Paris  |b OECD  |c 2013 
300 |a 141 s. 
490 1 |a West african studies 
830 0 |a West african studies 
610 2 0 |a konflikty etnické 
610 2 0 |a terorizmus 
610 2 0 |a zdroje prírodné 
610 2 0 |a hlad 
610 2 0 |a vidiek 
610 2 0 |a poľnohospodárstvo 
610 2 0 |a politika medzinárodná 
610 2 0 |a Afrika